[Event "Barcelona op-A"]
[Site "Barcelona"]
[Date "1998.??.??"]
[Round "1"]
[White "Castells Prat, Pere"]
[Black "Mateu Cama, Jordi"]
[Result "1-0"]
[WhiteElo "2100"]
[BlackElo "2210"]
[PlyCount "99"]
[EventDate "1998.??.??"]
[EventType "swiss"]
[EventRounds "8"]
[EventCountry "ESP"]
[SourceTitle "EXT 2019"]
[Source "ChessBase"]
[SourceDate "2018.10.10"]
[SourceVersion "1"]
[SourceVersionDate "2018.10.10"]
[SourceQuality "1"]

1. e4 c5 2. d3 e6 3. g3 d5 4. Nc3 b5 5. Bg2 d4 6. e5 dxc3 7. bxc3 Bd7 8. Bxa8 Nc6 9. Bxc6 Bxc6 10. f3 Qd5 11. Qe2 Ne7 12. Nh3 Qxf3 13. Qxf3 Bxf3 14. Rg1 Nc6 15. Bf4 h6 16. Kf2 Bg4 17. Kg2 g5 18. Nf2 Bf5 19. Be3 Nxe5 20. a4 bxa4 21. Rxa4 Nc6 22. Ne4 Bxe4+ 23. Rxe4 Bd6 24. Ra4 Kd7 25. Rb1 Rc8 26. Rb7+ Rc7 27. Rxc7+ Kxc7 28. h4 f6 29. Ra1 Be7 30. h5 f5 31. Ra4 Kb6 32. d4 Kb5 33. Ra2 Na5 34. Rb2+ Kc6 35. Rb8 Nc4 36. Bf2 a5 37. dxc5 Kd5 38. Re8 Bf6 39. Bd4 e5 40. Bf2 a4 41. Rf8 Be7 42. Rh8 a3 43. Rxh6 Bd8 44. Ra6 Ba5 45. h6 Bxc3 46. h7 e4 47. c6 Kd6 48. Bc5+ Kxc5 49. c7 Nb6 50. Rxb6 1-0

[Event "Barcelona op-A"]
[Site "Barcelona"]
[Date "1998.??.??"]
[Round "2"]
[White "Mateu Cama, Jordi"]
[Black "Carrey Abellan, Enric"]
[Result "1-0"]
[WhiteElo "2210"]
[BlackElo "2095"]
[PlyCount "77"]
[EventDate "1998.??.??"]
[EventType "swiss"]
[EventRounds "8"]
[EventCountry "ESP"]
[SourceTitle "EXT 2019"]
[Source "ChessBase"]
[SourceDate "2018.10.10"]
[SourceVersion "1"]
[SourceVersionDate "2018.10.10"]
[SourceQuality "1"]

1. e4 c5 2. d4 cxd4 3. c3 dxc3 4. Nxc3 Nc6 5. Nf3 Nf6 6. Bc4 e6 7. e5 Ng4 8. Bf4 Qc7 9. Qe2 d5 10. exd6 Bxd6 11. Nb5 Bb4+ 12. Bd2 Qe7 13. Bxb4 Qxb4+ 14. Nd2 0-0 15. Qxg4 Rd8 16. Rd1 Bd7 17. a3 Qa5 18. b4 Qb6 19. 0-0 Ne5 20. Qd4 Nxc4 21. Nxc4 Qxb5 22. Nd6 Qg5 23. Nxb7 Qxg2+ 24. Kxg2 Bc6+ 25. Kg3 Rxd4 26. Rxd4 Bxb7 27. Rd7 Bc6 28. Rc7 Bb5 29. Rfc1 g6 30. Rc8+ Rxc8 31. Rxc8+ Kg7 32. Ra8 a6 33. a4 Bc4 34. b5 axb5 35. a5 Kf6 36. a6 Ke5 37. a7 Bd5 38. Rb8 Kd6 39. Rxb5 1-0

[Event "Barcelona La Lira op"]
[Site "Barcelona"]
[Date "1995.??.??"]
[Round "7"]
[White "Colom Andres, Xavier"]
[Black "Mateu Cama, Jordi"]
[Result "1-0"]
[WhiteElo "2075"]
[BlackElo "2140"]
[PlyCount "57"]
[EventDate "1995.04.??"]
[EventType "swiss"]
[EventRounds "9"]
[EventCountry "ESP"]
[SourceTitle "EXT 2003"]
[Source "ChessBase"]
[SourceDate "2002.11.25"]
[SourceVersion "1"]
[SourceVersionDate "2002.11.25"]
[SourceQuality "1"]

1. d4 d5 2. c4 c6 3. Nf3 e6 4. Nc3 Nf6 5. e3 Bd6 6. Bd3 0-0 7. 0-0 Nbd7 8. Re1 e5 9. cxd5 cxd5 10. e4 exd4 11. Nxd5 Nxd5 12. exd5 Nf6 13. Bg5 h6 14. Bh4 g5 15. Nxg5 hxg5 16. Bxg5 Kg7 17. Qf3 Rh8 18. h4 Be7 19. Re5 Ng8 20. Rxe7 Nxe7 21. Qf6+ Kg8 22. Re1 Nc6 23. dxc6 Qxf6 24. Bxf6 Bf5 25. cxb7 Rb8 26. Bxf5 Rh6 27. Bxd4 Rxh4 28. Bc3 Kf8 29. Bc8 1-0

[Event "Barcelona La Lira op"]
[Site "Barcelona"]
[Date "1995.??.??"]
[Round "5"]
[White "Ferrer Comas, Joan"]
[Black "Mateu Cama, Jordi"]
[Result "1-0"]
[WhiteElo "2020"]
[BlackElo "2140"]
[PlyCount "97"]
[EventDate "1995.04.??"]
[EventType "swiss"]
[EventRounds "9"]
[EventCountry "ESP"]
[SourceTitle "EXT 2003"]
[Source "ChessBase"]
[SourceDate "2002.11.25"]
[SourceVersion "1"]
[SourceVersionDate "2002.11.25"]
[SourceQuality "1"]

1. d4 d5 2. Nf3 e6 3. e3 f5 4. b3 c6 5. Bb2 Nf6 6. Bd3 Bd6 7. Nbd2 0-0 8. 0-0 Nbd7 9. c4 Ng4 10. h3 Nh6 11. Ne5 Nf6 12. f4 Ne4 13. Ndf3 Ng3 14. Rf2 Be7 15. Nd2 Bd7 16. Nxd7 Qxd7 17. Nf1 Ne4 18. Rc2 Kh8 19. cxd5 exd5 20. Bxe4 fxe4 21. g4 Bh4 22. Bc3 Nf7 23. Be1 Be7 24. Ng3 g6 25. Rh2 Bh4 26. Nf1 Qe7 27. Rc1 a5 28. Rcc2 Nd6 29. Rcg2 a4 30. g5 Nf5 31. Rg4 Bxe1 32. Qxe1 axb3 33. axb3 Qd7 34. Qd1 Ra6 35. Qe2 Ra1 36. Kf2 Rfa8 37. Nd2 R8a2 38. Rg1 Rxg1 39. Kxg1 Rxd2 40. Qxd2 Nh4 41. Qb4 Kg7 42. Kf2 h6 43. gxh6+ Kxh6 44. Qf8+ Kh7 45. Qf6 Nf3 46. Rg2 Qf5 47. Qxf5 gxf5 48. Kg3 b6 49. Rc2 1-0

[Event "Barcelona La Lira op"]
[Site "Barcelona"]
[Date "1995.??.??"]
[Round "6"]
[White "Mateu Cama, Jordi"]
[Black "Garcia Lopez, Alberto Jose"]
[Result "1-0"]
[WhiteElo "2140"]
[BlackElo "2000"]
[PlyCount "35"]
[EventDate "1995.04.??"]
[EventType "swiss"]
[EventRounds "9"]
[EventCountry "ESP"]
[SourceTitle "EXT 2003"]
[Source "ChessBase"]
[SourceDate "2002.11.25"]
[SourceVersion "1"]
[SourceVersionDate "2002.11.25"]
[SourceQuality "1"]

1. e4 e5 2. f4 d5 3. exd5 e4 4. d3 Nf6 5. Nd2 exd3 6. Bxd3 Qe7+ 7. Ne2 Nxd5 8. Ne4 Nf6 9. Nxf6+ Qxf6 10. Be3 Nc6 11. c3 Bd7 12. Qc2 Bd6 13. 0-0 h5 14. Ng3 g6 15. b4 0-0 16. b5 Qe7 17. Rae1 Bc5 18. Qf2 1-0

[Event "Barcelona La Lira op"]
[Site "Barcelona"]
[Date "1995.??.??"]
[Round "1"]
[White "Mateu Cama, Jordi"]
[Black "Salazar Navas, Josep"]
[Result "1-0"]
[WhiteElo "2140"]
[BlackElo "2020"]
[PlyCount "35"]
[EventDate "1995.04.??"]
[EventType "swiss"]
[EventRounds "9"]
[EventCountry "ESP"]
[SourceTitle "EXT 2003"]
[Source "ChessBase"]
[SourceDate "2002.11.25"]
[SourceVersion "1"]
[SourceVersionDate "2002.11.25"]
[SourceQuality "1"]

1. e4 d5 2. exd5 Nf6 3. d4 Nxd5 4. c4 Nb6 5. Nc3 e5 6. Qe2 Bb4 7. Qxe5+ Be7 8. Qxg7 Bf6 9. Qg3 Bxd4 10. Bg5 f6 11. 0-0-0 Be6 12. Be3 Nc6 13. Bxd4 Nxd4 14. c5 Na4 15. Bb5+ Nxb5 16. Rxd8+ Rxd8 17. Nxb5 Nxc5 18. Qg7 1-0

[Event "Barcelona La Lira op"]
[Site "Barcelona"]
[Date "1995.??.??"]
[Round "8"]
[White "Mateu Cama, Jordi"]
[Black "Santos Bouzas, Miguel"]
[Result "1-0"]
[WhiteElo "2140"]
[BlackElo "2010"]
[PlyCount "80"]
[EventDate "1995.04.??"]
[EventType "swiss"]
[EventRounds "9"]
[EventCountry "ESP"]
[SourceTitle "EXT 2003"]
[Source "ChessBase"]
[SourceDate "2002.11.25"]
[SourceVersion "1"]
[SourceVersionDate "2002.11.25"]
[SourceQuality "1"]

1. e4 e6 2. d4 d5 3. e5 c5 4. c3 Nc6 5. Nf3 Qb6 6. Bd3 cxd4 7. cxd4 Bd7 8. 0-0 Nxd4 9. Nxd4 Qxd4 10. Nc3 a6 11. Qe2 Rc8 12. Rd1 Qb6 13. Kh1 Bc5 14. Qg4 Kf8 15. Nxd5 exd5 16. Qxd7 Rd8 17. Qg4 h5 18. Qe2 Ne7 19. Bg5 Qe6 20. f4 Re8 21. f5 Nxf5 22. Qc2 Be7 23. Bxf5 Qc6 24. Qxc6 bxc6 25. Bxe7+ Rxe7 26. Rac1 Rh6 27. Re1 Rb7 28. Rc2 Re7 29. Rc5 h4 30. h3 Rb7 31. b3 Rb5 32. Rec1 Rh5 33. Bg4 Rxe5 34. Rxc6 f5 35. Bf3 Ra5 36. a4 Re3 37. Rb6 d4 38. Rd1 d3 39. Rd6 d2 40. R1xd2 Rxb3 1-0